|
|
|
|
| LEADER |
01016nab#a2200337#ar4500 |
| 001 |
000025421 |
| 003 |
SVKKK |
| 005 |
00000000000000.0 |
| 008 |
c xo e sloo |
| FMT |
|
|
|
| 038 |
|
|
|a SVKKK
|
| 040 |
|
|
|a SVKKK
|b slo
|e AACR2
|
| 041 |
0 |
|
|a slo
|b eng
|
| 044 |
|
|
|a xo
|c SK
|
| 080 |
|
|
|a 669.162.267.
|2 1981
|
| 100 |
1 |
|
|a Filip-Bujnaček, Milan
|4 aut
|
| 245 |
1 |
0 |
|a Technika vháňania uhoľného prachu do výfuční vysokých pecí vo VSŽ, a.s., Košice
|c Filip-Bujnaček Milan, Ružičková Milena
|
| 300 |
|
|
|b Obr. 1,
|
| 504 |
|
|
|a Res. angl., nem., rus., slov., lit. 2
|
| 650 |
0 |
4 |
|a prach uhoľný
|x príprava
|x skladovanie
|
| 650 |
0 |
4 |
|a výfučne pecí vysokých VSŽ a.s, Košice
|x vháňanie
|x spôsoby
|x štúdie
|
| 700 |
1 |
|
|a Ružičková, Milena
|4 aut
|
| 773 |
0 |
|
|t Oceľové plechy
|x 0139-7400
|g Roč. 18, č. 1-2(1991), s. 26-29
|
| 957 |
|
|
|a Košice
|
| 958 |
|
|
|a KE
|
| 958 |
|
|
|a RE
|
| 974 |
|
|
|d 970311
|a Šá
|
| 992 |
|
|
|a RBX
|
| BAS |
|
|
|
| 852 |
|
|
|a SVKKK
|b BIB
|
| 998 |
|
|
|a HUT
|